Architecture beyond criticism : expert judgement and performance evaluation (Record no. 85950)
[ view plain ]
| 000 -LEADER | |
|---|---|
| fixed length control field | 00845 a2200253 4500 |
| 003 - CONTROL NUMBER IDENTIFIER | |
| control field | CBULib |
| 005 - DATE AND TIME OF LATEST TRANSACTION | |
| control field | 20250612094621.0 |
| 008 - FIXED-LENGTH DATA ELEMENTS--GENERAL INFORMATION | |
| fixed length control field | 250127b |||||||| |||| 00| 0 eng d |
| 020 ## - INTERNATIONAL STANDARD BOOK NUMBER | |
| International Standard Book Number | 9780415725330 |
| 040 ## - CATALOGING SOURCE | |
| Language of cataloging | English |
| Transcribing agency | CBULib |
| Description conventions | rda |
| 050 ## - LIBRARY OF CONGRESS CALL NUMBER | |
| Classification number | NA 2599.5 Arc |
| 100 ## - MAIN ENTRY--PERSONAL NAME | |
| Personal name | Preiser, Wolfgang F. E. |
| 245 ## - TITLE STATEMENT | |
| Title | Architecture beyond criticism : expert judgement and performance evaluation |
| Statement of responsibility, etc | / edited by Preiser Wolfgang F. E. |
| 260 ## - PUBLICATION, DISTRIBUTION, ETC. (IMPRINT) | |
| Name of publisher, distributor, etc | Routledge, |
| Date of publication, distribution, etc | 2015 |
| Place of publication, distribution, etc | New York : |
| 300 ## - PHYSICAL DESCRIPTION | |
| Extent | xxxiv 285 pages |
| 336 ## - CONTENT TYPE | |
| Source | rdacontent |
| Content type term | Text | |
| Content type code | txt |
| 337 ## - MEDIA TYPE | |
| Source | rdamedia |
| Media type term | Unmediated | |
| Media type code | n |
| 338 ## - CARRIER TYPE | |
| Source | rdacarrier |
| Carrier type term | Volume |
| Carrier type code | nc |
| 500 ## - GENERAL NOTE | |
| General note | Includes bibliographical references and index.<br/> |
| 650 #0 - SUBJECT ADDED ENTRY--TOPICAL TERM | |
| 9 (RLIN) | 4279 |
| Topical term or geographic name as entry element | ARCHITECTURAL CRITICISM |
| 650 #0 - SUBJECT ADDED ENTRY--TOPICAL TERM | |
| 9 (RLIN) | 4280 |
| Topical term or geographic name as entry element | ARCHITECTURAL DESIGN |
| 650 #0 - SUBJECT ADDED ENTRY--TOPICAL TERM | |
| 9 (RLIN) | 4281 |
| Topical term or geographic name as entry element | BUILDINGD - PERFORMANCE |
| 942 ## - ADDED ENTRY ELEMENTS (KOHA) | |
| Source of classification or shelving scheme | |
| Koha item type | MONOGRAPH |
| Withdrawn status | Lost status | Source of classification or shelving scheme | Damaged status | Not for loan | Collection code | Permanent Location | Current Location | Shelving location | Date acquired | Source of acquisition | Cost, normal purchase price | Total Checkouts | Full call number | Barcode | Date last seen | Price effective from | Koha item type | Copy number |
|---|---|---|---|---|---|---|---|---|---|---|---|---|---|---|---|---|---|---|
| Main Library Open Access Collection | CBU-MAIN LIBRARY, KITWE. | CBU-MAIN LIBRARY, KITWE. | General Stacks | 01/27/2025 | BOOK AID INTERNATIONAL | 24.99 | NA 2599.5 Arc | 753408 | 01/27/2025 | 01/27/2025 | MONOGRAPH | |||||||
| Main Library Open Access Collection | CBU-MAIN LIBRARY, KITWE. | CBU-MAIN LIBRARY, KITWE. | General Stacks | 01/27/2025 | BOOK AID INTERNATIONAL | 24.99 | NA 2599.5 Arc | 753407 | 01/27/2025 | 01/27/2025 | MONOGRAPH | |||||||
| CBU-Lusaka Campus | CBU- LUSAKA CAMPUS | CBU-MAIN LIBRARY, KITWE. | General Stacks | 07/25/2025 | DON-BOOKAID | 24.99 | NA 2599.5 Arc | 753539 | 07/25/2025 | 07/25/2025 | MONOGRAPH | 3 | ||||||
| CBU-Lusaka Campus | CBU- LUSAKA CAMPUS | CBU-MAIN LIBRARY, KITWE. | General Stacks | 07/25/2025 | DON-BOOKAID | 24.99 | NA 2599.5 Arc | 753540 | 07/25/2025 | 07/25/2025 | MONOGRAPH | 4 |